Descriptive Inorganic Chemistry

Enregistré dans:
Détails bibliographiques
Auteurs principaux: Rayner-Canham, Geoff, Overton, Tina (Auteur)
Format: Livre
Langue:anglais
Publié: New York WH Freeman 2014
Édition:Vyd. 6.
Collection:Obsahuje index
Accès en ligne:Voir à l'OPAC
Tags: Ajouter un tag
Pas de tags, Soyez le premier à ajouter un tag!

MARC

LEADER 00000nam a2200000 a 4500
005 20260127134310.0
008 171123 2014 xxua 001 0 eng d
020 |a 9781319154110 
035 |a vtls011722209 
039 9 |y 201711231159  |z mschk03 
040 |a STUSCHK1  |b slo  |c STUSCHK1  |e AACR2 
100 1 |a Rayner-Canham, Geoff 
245 1 |a Descriptive Inorganic Chemistry  |c Geoff Rayner-Canham, Tina Overton 
250 |a Vyd. 6. 
260 |a New York  |b WH Freeman  |c 2014 
300 |a xxiv, 691 s.  |b ill.  |c 26 cm 
490 0 |a Obsahuje index 
700 1 |a Overton, Tina  |4 aut 
910 |a SCHK95 
919 |a 978-1-319-15411-0 
999 |c 9162  |d 9162